000 00961nam a2200265 a 4500
001 BRCA_8033
005 20190320210114.0
008 240314s1911----gw-a###f##---#001-0#ger-#
041 _ager
044 _agw
050 4 _aN2230
_b.G46 1911
245 1 0 _aDie Gemaldegalerie des Kaiser-Friedrich-Museums
_bvollstandiger beschreibender katalog mit Abbildungen samtlicher Gemalde. Im Auftrag des Generaldirektors der Koniglich en Museen
_cbearbeitet von Hans Posse.
260 _aBerlín
_bJ. Bard
_c1911
300 _axx, 414 p.
_bil., 776 láminas
_c26 cm.
500 _aVer también Y8
500 _aY17
505 0 _aContenido: Die Germanischen Lander Deutschland, Niederlande, England
610 2 4 _aGemäldegalerie (Berlín)
_918671
650 1 4 _aPintura
_zBerlín
_919365
650 1 4 _aGalerías y museos
_zAlemania
_95059
700 1 _aPosse, Hans
_eed.
_919964
710 2 _aKaiser Friedrich-Museum (Berlín)
_919142
902 _aGFM
942 _2lcc
_cB
999 _c7702
_d7702